[Event "Nevinnomyssk Rating 5th"]
[Site "Nevinnomyssk"]
[Date "2010.09.??"]
[Round "4"]
[White "Ermilov, Valery"]
[Black "Karpsatov, Ksenofont"]
[Result "1-0"]
[WhiteElo "2313"]
[BlackElo "2123"]
[PlyCount "71"]
[EventDate "2010.09.29"]
[EventType "swiss"]
[EventRounds "9"]
[EventCountry "RUS"]
[SourceTitle "EXT 2013"]
[Source "ChessBase"]
[SourceDate "2012.11.22"]
[SourceVersion "1"]
[SourceVersionDate "2012.11.22"]
[SourceQuality "1"]

1. e4 c5 2. Nf3 e6 3. c4 Nc6 4. Nc3 Nf6 5. d3 Be7 6. g3 0-0 7. Bg2 d6 8. 0-0 Rb8 9. Qe2 a6 10. a4 Ng4 11. h3 Nge5 12. Ne1 Nd4 13. Qd1 Nec6 14. f4 b5 15. axb5 axb5 16. Nxb5 Nxb5 17. cxb5 Rxb5 18. Nf3 Qb6 19. Kh2 Bd7 20. g4 Rc8 21. g5 Nd4 22. Nxd4 cxd4 23. f5 exf5 24. exf5 Rxf5 25. Rxf5 Bxf5 26. Qf3 g6 27. Qe2 Bf8 28. Bd5 Qc5 29. Qf3 Bg7 30. Bf4 Rb8 31. Ra2 Be5 32. Kg3 Kg7 33. b3 Re8 34. Re2 Qc1 35. Kg2 Re7 36. Bxc1 1-0